00374nam a22001217a 450000500170000002000230001703500120004003700130005210000160006524501070008126000450018830000190023320120427130435.0 a0195653238c195.00 aB-11527 aDPLbENG aHasan, Zoya aQuest for power :bOppositional movements and post-congress politics in Uttar Pradesh /cby Zoya Hasan aNew DelhibOxford University Pressc1998 a280p.c20 cms.